Statistics for Oceania's Largest Airlines

Click here to take the quiz!

General Stats

  • This quiz has been taken 41 times
  • The average score is 5 of 9

Answer Stats

PassengersAirline% Correct
49.9Qantas Group
97%
16.4Air New Zealand
91%
1.1Fiji Airways
88%
24.9Virgin Australia Holdings
62%
1.5Air Niugini
44%
0.6Air Tahiti
35%
0.4Aircalin
32%
1.1Regional Express Holdings
29%
0.3Air Tahiti Nui
15%

Score Distribution

Percentile by Number Answered

Percent of People with Each Score

Your Score History

You have not taken this quiz